Normal view
MARC view
- Mollerach, Silvia.
Entry Personal Name
001 - CONTROL NUMBER
- control field: 8723
003 - CONTROL NUMBER IDENTIFIER
- control field: NUST
005 - DATE AND TIME OF LATEST TRANSACTION
- control field: 20180118123038.0
008 - FIXED-LENGTH DATA ELEMENTS
- fixed length control field: 180118|| aca||aabn | a|a d
040 ## - CATALOGING SOURCE
- Original cataloging agency: NUST
- Transcribing agency: NUST
100 ## - HEADING--PERSONAL NAME
- Personal name: Mollerach, Silvia.
670 ## - SOURCE DATA FOUND
- Source citation: Work cat.: (NUST)29833: Mollerach, Silvia., Gravitational lensing and microlensing /, 2002.
